000 00877nam a2200277 a 4500
003 CO-ViMGA
005 20230915232208.0
008 140704s2013 ck gr 0001f spa d
020 _a9789588841274
040 _aCO-ViMGA
_bspa
_cCO-ViMGA
082 0 4 _aCo863.6
_bI74l
_221
100 1 _aIriarte, Helena,
_d1937-
_92004
240 1 0 _aBogotá-Bibliografía regional
245 1 3 _aEl llamado del silencio /
250 _a2a. ed.
_bEdición María Osorio.
260 _aBogotá :
_bBabel Libros,
_c2013.
300 _a135 páginas ;
_c18 cm.
490 1 _aFrontera ;
_v10
650 1 4 _aNostalgia
_v Novela.
_92006
650 1 4 _aNovela amorosa.
_92005
650 1 4 _aNovela colombiana.
_9588
700 1 _aMojica, Juan Pablo,
_erevisor.
_92007
700 1 _aOsorio, María,
_eeditora.
_92009
700 1 _aPeña Trujillo, Beatriz,
_erevisora.
_92008
942 _2ddc
_cBK
999 _c33664
_d33664